Ces gares en France qui ne portent pas le nom de leur commune #1 - Statistiques

Statistiques générales
  • Ce quiz a été pris 11 fois
  • Le résultat moyen est 3 sur 21
Statistiques - réponses
Gare Commune Département % Correct
Vosves Dammarie-Les-Lys 77
70%
Gourland Grâces 22
20%
Beslé Guémené-Penfao 44
20%
Traou-Nez Plourivo 22
20%
Brignac Royères 87
20%
La Hisse Saint-Samson-sur-Rance 22
20%
Lothiers Tendu 36
20%
Magnette Audes 03
10%
Le Pénity Duault 22
10%
Albens Entrelacs 73
10%
Le Haut Banc Ferques 62
10%
Le Lioran Laveissière 15
10%
Prissé-la-Charrière Plaine d'Argenson 79
10%
Les Lacs Saint-Aubin des Landes 35
10%
Pont de Briques Saint-Etienne au Mont 62
10%
Beillant Saint-Sever-de-Saintonge 17
10%
Lexos Varen 82
10%
Les Trillers Vaux 03
10%
Darsac Vernassal 43
10%
Brignoud Villard-Bonnot 38
10%
Guignicourt Villeneuve-sur-Aisne 02
10%
Aucun quiz correspondant
Distribution des résultats
% des personnes avec chaque résultat
Percentile par nombre de réponses
Votre historique - résultats
Vous n’avez pas pris ce quiz